Erdalkalimetalle - Statistiken

Allgemein
  • Dieses Quiz wurde 74 mal gespielt
  • Das Durchschnittsergebnis liegt bei 5 aus 6
Antwortstatistiken
Elementsymbol Ordnungszahl Erdalkalimetall % Korrekt
Mg 12 Magnesium
100%
Ca 20 Calcium
97%
Be 4 Beryllium
83%
Ra 88 Radium
83%
Ba 56 Barium
79%
Sr 38 Strontium
67%
Keine übereinstimmenden Quizze gefunden
Verteilung der Resultate
Anzahl Personen mit jedem Resultat
Perzentil nach korrekt beantworteten Fragen
Ihre Resultats-Entwicklung
Sie haben dieses Quiz noch nicht gespielt